Central Library and Information Centre
Sibsagar Girls' College, Sivasagar : Assam

TEXT BOOK OF BOTANY (Record no. 10401)

MARC details
000 -LEADER
fixed length control field 00438cam a2200181ua 4500
008 - FIXED-LENGTH DATA ELEMENTS--GENERAL INFORMATION
fixed length control field 160305n1990 II |||gr||||Z||||||eng
040 ## - CATALOGING SOURCE
Original cataloging agency MAIN
041 ## - LANGUAGE CODE
-- English
082 ## - DEWEY DECIMAL CLASSIFICATION NUMBER
Classification number 580 VID
100 ## - MAIN ENTRY--PERSONAL NAME
Personal name VIDYARTHI , R.D .
245 ## - TITLE STATEMENT
Title TEXT BOOK OF BOTANY
260 ## - PUBLICATION, DISTRIBUTION, ETC.
Place of publication, distribution, etc. NEW DELHI
Name of publisher, distributor, etc. S.CHAND & COMPANY
Date of publication, distribution, etc. 1990
300 ## - PHYSICAL DESCRIPTION
Extent 744:
Dimensions 20CM.
700 ## - ADDED ENTRY--PERSONAL NAME
Personal name VIDYARTHI , R.D .,
Relator term AUTHOR.
942 ## - ADDED ENTRY ELEMENTS (KOHA)
Koha item type Books
653 ## - INDEX TERM--UNCONTROLLED
Uncontrolled term Plants (Botany)
Holdings
Withdrawn status Lost status Damaged status Not for loan Collection code Home library Current library Shelving location Date acquired Full call number Barcode Date last seen Copy number Price effective from Koha item type
        TBBOT Central Library and Information Centre Sibsagar Girls College Central Library and Information Centre Sibsagar Girls College Botany Rack 18.03.1987 580 VID 09051 27.02.2020 1 27.02.2020 Books


Sibsagar Girl's College © 2020. All rights reserved.
Powered by Koha.
Maintained by Abhijit Borpuzari.